Arica 1868: un tsunami y un terremoto.
Gorde:
| Egile nagusia: | |
|---|---|
| Formatua: | Liburua |
| Argitaratua: |
Arica, Chile:
Universidad de Tarapacá
2007.
Santiago, Chile: Dirección de Bibliotecas, Archivos y Museos; Centro de Investigaciones Diego Barros Arana, |
| Gaiak: | |
| Sarrera elektronikoa: | Disponible Online - Centro de Investigaciones Diego Barros Arana |
| Etiketak: |
Etiketa erantsi
Etiketarik gabe, Izan zaitez lehena erregistro honi etiketa jartzen!
|
MARC
| LEADER | 00000nam a2200000 a 4500 | ||
|---|---|---|---|
| 001 | UCI6984 | ||
| 003 | CL-VaPUC | ||
| 005 | 20240705134329.0 | ||
| 008 | 230413t2007 ||||| |||| 00| 0 eng d | ||
| 999 | |c 330415 |d 330413 | ||
| 020 | |a 978-956-244-194-0 | ||
| 040 | |c Pontificia Universidad Católica de Valparaíso | ||
| 082 | 0 | 4 | |a 551.47024 FER 2007 |2 21 |
| 100 | 0 | |a Fernández Canque, Manuel |e autor |9 530105 | |
| 245 | 1 | 0 | |a Arica 1868: un tsunami y un terremoto. |
| 260 | |a Arica, Chile: |b Universidad de Tarapacá | ||
| 260 | |a Santiago, Chile: |b Dirección de Bibliotecas, Archivos y Museos; |b Centro de Investigaciones Diego Barros Arana, |c 2007. | ||
| 300 | |a 332 páginas. | ||
| 500 | |a c.2. Donación Ricardo Iglesias. Memo HIS/006 2023. | ||
| 583 | |a last modification |c 20080605 00:00:00 |k Rodrigo Vera | ||
| 650 | 0 | |a Tsunamis (Maremotos) |9 333600 | |
| 650 | 0 | |a Terremotos |2 CL-VaPUC |9 267728 | |
| 650 | 0 | |a Historia de Arica siglo 19 |2 CL-VaPUC |9 530107 | |
| 651 | 0 | |a Arica |9 309332 | |
| 651 | 0 | |a Chile |2 CL-VaPUC |9 254862 | |
| 856 | |u https://www.centrobarrosarana.gob.cl/622/articles-96075_archivo_01.pdf |y Disponible Online - Centro de Investigaciones Diego Barros Arana | ||
| 942 | |c BK |2 ddc | ||
| 945 | |d 20080605 00:00:00 |a rbrito | ||
| 952 | |0 0 |1 0 |4 0 |6 551_470240000000000_FER_2007 |7 0 |8 A |9 415941 |a BIBHIS |b BIBHIS |d 2019-11-22 |i 4445368 |l 1 |o 551.47024 FER 2007 |p 4445368 |r 2025-01-20 |s 2023-05-26 |w 2019-11-22 |y BK |k HIS | ||
| 952 | |0 0 |1 0 |4 0 |6 551_470240000000000_FER_2007 |7 0 |8 X |9 415942 |a FDOBUD |b FDOBUD |d 2019-11-22 |i 4686071 |o 551.47024 FER 2007 |p 4686071 |r 2019-11-22 |w 2019-11-22 |y BK_X |k BUD | ||
| 952 | |0 0 |1 0 |2 ddc |4 0 |6 551_470240000000000_FER_2007 |7 0 |8 A |9 589632 |a BIBHIS |b BIBHIS |d 2023-04-14 |e Donación |i 5657137 |l 1 |o 551.47024 FER 2007 |p 5657137 |r 2025-01-20 |s 2023-11-27 |t 2 |w 2023-04-14 |y BK |k HIS | ||